Cae inversión extranjera en América Latina y el Caribe

Gespeichert in:
Bibliographische Detailangaben
Format: Text
Schlagworte:
Tags: Tag hinzufügen
Keine Tags, Fügen Sie den ersten Tag hinzu!

MARC

LEADER 00000 a a2200000 04500
001 10256
003
040
245 |a Cae inversión extranjera en América Latina y el Caribe  
650 |a INVERSIONES EXTRANJERAS  
650 |a INVERSIONES DIRECTAS  
773 |g número 23; páginas 1,3  
999 |c 27279  |d 27279